Detalles MARC
| 000 -LEADER |
| fixed length control field |
02278nam a2200373 a 4500 |
| 003 - CONTROL NUMBER IDENTIFIER |
| control field |
DO-SdBNP |
| 005 - DATE AND TIME OF LATEST TRANSACTION |
| control field |
20230306100918.0 |
| 007 - PHYSICAL DESCRIPTION FIXED FIELD--GENERAL INFORMATION |
| fixed length control field |
ta |
| 008 - FIXED-LENGTH DATA ELEMENTS--GENERAL INFORMATION |
| fixed length control field |
221103e2004 dr ab||gr|||| 001 e spa d |
| 040 ## - CATALOGING SOURCE |
| Original cataloging agency |
DO-SdBNP |
| Language of cataloging |
spa |
| Transcribing agency |
BPMSU |
| 082 #4 - DEWEY DECIMAL CLASSIFICATION NUMBER |
| Classification number |
337.1 |
| Item number |
G562i 2004 |
| Edition number |
22 |
| 245 10 - TITLE STATEMENT |
| Title |
Globalización e intermediación urbana en América latina / |
| Statement of responsibility, etc. |
Concepción Álvarez...[et. al.]; compilador y coordinador, Haroldo Dilla Alfonso; editor, Enrique Soldevilla |
| 260 ## - PUBLICATION, DISTRIBUTION, ETC. (IMPRINT) |
| Place of publication, distribution, etc. |
Santo Domingo : |
| Name of publisher, distributor, etc. |
FLACSO, |
| Date of publication, distribution, etc. |
2004, |
| 300 ## - PHYSICAL DESCRIPTION |
| Extent |
274 p. : |
| Other physical details |
il., mapas ; |
| Dimensions |
21 cm. |
| 500 ## - GENERAL NOTE |
| General note |
Incluye biografía de los autores p. 271 - 274 |
| 500 ## - GENERAL NOTE |
| General note |
Incluye referencias bibliográficas y notas al pie de las páginas. |
| 505 ## - FORMATTED CONTENTS NOTE |
| Formatted contents note |
Presentación. |
| Title |
Ciudades intermedias: ¿Una nueva oportunidad para un desarrollo regional coherente en América Latina? |
| -- |
L territorialidad de la acción pública: Nuevas cuestiones urbanas frente a los cambios globales.-- |
| -- |
Actores sociales de fin de siglo en la sociedad urbana contemporánea: Las prácticas sociales de transformación de los espacios urbanos.-- |
| -- |
Habana 2050.-- |
| -- |
Logros, desafíos y perspectivas delas ciudades intermedias cubanas.-- |
| -- |
Santa Clara y sus retos hacia un desarrollo sostenible.-- |
| -- |
Bayamo, una ciudad en desarrollo.-- |
| -- |
Dentro ofuera: Bordeando los límites de Santo Domingo.-- |
| -- |
Retos y desafíos de la ciudad de Santiago de los Caballeros en los procesos de intermediación urbana.-- |
| -- |
Intermediación urbana fronteriza en República Dominicana. |
| -- |
Autores. |
| 590 ## - LOCAL NOTE (RLIN) |
| Local note |
Inventariado 2023/VM |
| 650 #4 - SUBJECT ADDED ENTRY--TOPICAL TERM |
| Topical term or geographic name as entry element |
Globalización |
| Geographic subdivision |
América Latina |
| Form subdivision |
Congresos, conferencias, etc |
| 650 #4 - SUBJECT ADDED ENTRY--TOPICAL TERM |
| Topical term or geographic name as entry element |
Rehabilitación urbana |
| General subdivision |
Congresos, conferencias, etc |
| Geographic subdivision |
|
| 651 #4 - SUBJECT ADDED ENTRY--GEOGRAPHIC NAME |
| Geographic name |
América Latina |
| General subdivision |
Condiciones económicas |
| 651 #4 - SUBJECT ADDED ENTRY--GEOGRAPHIC NAME |
| Geographic name |
América Latina |
| General subdivision |
Integración económica |
| 700 1# - ADDED ENTRY--PERSONAL NAME |
| Personal name |
Álvarez, Concepción |
| 700 1# - ADDED ENTRY--PERSONAL NAME |
| Personal name |
Benavides González, Aleida |
| 700 1# - ADDED ENTRY--PERSONAL NAME |
| Personal name |
Bolay, Jean-Claude |
| 700 1# - ADDED ENTRY--PERSONAL NAME |
| Personal name |
Catenazzi, Andrea Claudia |
| 700 1# - ADDED ENTRY--PERSONAL NAME |
| Personal name |
Corral, Julio César |
| 700 1# - ADDED ENTRY--PERSONAL NAME |
| Personal name |
Cotto-Morales, Liliana |
| 700 1# - ADDED ENTRY--PERSONAL NAME |
| Personal name |
Dilla Alfonso, Haroldo |
| Relator term |
comp. |
| 700 1# - ADDED ENTRY--PERSONAL NAME |
| Personal name |
Soldevilla, Enrique |
| Relator term |
ed. |
| 710 2# - ADDED ENTRY--CORPORATE NAME |
| Corporate name or jurisdiction name as entry element |
Facultad Latinoamericana de Ciencias Sociales (República Dominicana) |
| 910 ## - USER-OPTION DATA (OCLC) |
| User-option data |
VMateo V. Control de calidad (BPMSU) |
| 942 ## - ADDED ENTRY ELEMENTS (KOHA) |
| Source of classification or shelving scheme |
Dewey Decimal Classification |
| Koha item type |
Libros |